| 000 | 02284cam a2200349 a 4500 | ||
|---|---|---|---|
| 001 | 991105846167006196 | ||
| 005 | 20260305145515.0 | ||
| 008 | 101122s2011 nyua b 001 0 eng | ||
| 010 | _a2010046641 | ||
| 020 | _a9781439170427 (hardcover : alk. paper) | ||
| 020 | _a1439170428 (hardcover : alk. paper) | ||
| 020 | _z9781439170441 (ebook) | ||
| 020 | _z1439170444 (ebook) | ||
| 020 | _a9781439170434 (pbk. : alk. paper) | ||
| 020 | _a1439170436 (pbk. : alk. paper) | ||
| 035 | _a(UTL)8293565-01utoronto_inst | ||
| 035 | _a(SIRSI)8293565 | ||
| 035 | _a(OCoLC)646113003 | ||
| 040 |
_aDLC _cDLC _dYDX _dBTCTA _dYDXCP _dUPZ _dORX _dVP@ _dBWX _dCDX _dIHV _dMLY _dBDX |
||
| 041 | _aEnglish | ||
| 050 | 0 | 0 |
_aHF5386 _b.S546 2011 |
| 100 |
_aSims, Peter - (Peter E.) _q(Peter E.) |
||
| 245 | 1 | 0 |
_aLittle bets _b: how breakthrough ideas emerge from small discoveries _c/ Peter Sims. |
| 260 |
_aNew York : _bFree Press, _c2011. |
||
| 300 |
_avii, 213 p. : _billustrations, _c24 cm. |
||
| 504 | _aIncludes bibliographical references and index. | ||
| 505 | 0 | _aBig bets versus little bets — The growth mind-set — Failing quickly to learn fast — The genius of play — Problems are the new solutions — Questions are the new answers — Learning a little from a lot — Learning a lot from a little — Small wins — Conclusion. | |
| 520 | _aHow did Pixar go from producing CAT scan images to winning Oscars? How did Steve Jobs turn Apple into a world-beating company? How does Amazon's culture encourage innovation? How can you find the creative solutions demanded by our ever-changing world? The answer, according to renowned business thought-leader Peter Sims, is LITTLE BETS. In these fast-moving times, it's next to impossible to predict what's around the corner, and harder still to formulate a foolproof plan to deal with it. Truly innovative companies, Sims argues, don't get caught up in projections and predictions. Instead, they embrace uncertainty, take a chance, fail quickly and learn fast. This method has formulated thousands of modern advances, from Google's PageRank to Starbucks coffee shops - if you harness its power, what could you achieve? | ||
| 650 | 0 |
_aSuccess in business _91506 |
|
| 650 | 0 |
_aCreative ability _97047 |
|
| 942 | _2lcc | ||
| 999 |
_c5387 _d5387 |
||